Lettres écrites a un provincial

Guardat en:
Dades bibliogràfiques
Autor principal: Pascal, Blaise (Pascal, Blas) (auteur)
Format: Llibre
Idioma:francès
Publicat: Bruselas Garnier-Flammarion 1967
Col·lecció:Texte Integral GF
Matèries:
Etiquetes: Afegir etiqueta
Sense etiquetes, Sigues el primer a etiquetar aquest registre!

MARC

LEADER 00000nam a2200000 a 4500
001 UCZ4731
003 CL-VaPUC
005 20230320112350.0
008 951110e19670000BE |||||||||||||||||fre|d
999 |c 241098  |d 241096 
040 |c Pontificia Universidad Católica de Valparaíso 
082 0 4 |a 194  |b PAS  |2 21 
100 |a Pascal, Blaise  |q (Pascal, Blas)  |e auteur  |9 515525 
245 1 0 |a Lettres écrites a un provincial 
260 |a Bruselas  |b Garnier-Flammarion  |c 1967 
300 |a 316 p 
490 0 |a Texte Integral GF 
583 |a last modification  |c 19951110 00:00:00  |k Rodrigo Vera 
650 0 |a Filosofía francesa   |9 255698 
650 0 |a Teología   |9 258766 
650 0 |a Correspondencia  |9 258963 
650 0 |a Creencia Religiosa  |9 316904 
650 0 |a Filosofía del espíritu  |9 320175 
942 |c BK  |2 ddc 
945 |d 19951110 00:00:00  |a lriquelm 
952 |0 0  |1 0  |4 0  |6 194_000000000000000_PAS_1967  |7 0  |8 P  |9 253258  |a BIBEDU  |b BIBEDU  |c BIBEDU_PB  |d 2019-11-19  |i 1597825  |o 194 PAS 1967  |p 1597825  |r 2024-01-25  |w 2019-11-19  |y BK  |k FIL